[Event "Match"]
[Site "www.echecsemail.com"]
[Date "2019.05.09"]
[Round "1"]
[White "Yudoka"]
[Black "Luzhin"]
[WhiteElo "2420"]
[BlackElo "2580"]
[Result "1-0"]
[Round "1"]
1.d4 Ng8f6
2.Ng1f3 e6
3.Bc1g5 Bf8e7
4.Nb1d2 h6
5.Bg5h4 d5
6.e3 O-O
7.Bf1d3 Nb8d7
8.O-O b6
9.Qd1e2 Bc8b7
10.c3 Nf6e4
11.Bh4g3 { resign }
1-0

[Event "Tourn. n10120"]
[Site "www.echecsemail.com"]
[Date "2019.05.09"]
[Round "1"]
[White "Apdash"]
[Black "Fantomas"]
[WhiteElo "2180"]
[BlackElo "2290"]
[Result "0-1"]
[Round "1"]
1.e4 c5
2.Ng1f3 Nb8c6
3.d4 cxd4
4.Nf3xd4 d6
5.Bf1b5 Bc8d7
6.Nd4xc6 bxc6
7.Bb5c4 Ng8f6
8.Nb1c3 e6
9.O-O Bf8e7
10.f4 O-O
11.Bc1e3 h6
12.h3 d5
13.exd5 cxd5
14.Bc4b3 Qd8c7
15.Nc3e2 Bd7b5
16.Ra1c1 Nf6e4
17.Rf1f3 Be7c5
18.Ne2d4 Bb5a6
19.c4 dxc4
20.Bb3xc4 Ba6xc4
21.Rc1xc4 Qc7d6
22.Qd1c2 f5
23.Nd4xf5 Bc5xe3
24.Nf5xe3 Ne4d2
25.Rf3f2 Nd2xc4
26.Qc2xc4 Ra8c8
27.Qc4e4 Rc8e8
28.g3 Re8e7
29.Kh2 Re7d7
30.Ne3g4 Rf8f5
31.Ng4e5 Rd7c7
32.g4 Rf5f6
33.h4 Rc7c5
34.Kg3 Rc5d5
35.h5 Rf6f8
36.Qe4e3 Qd6b6
37.Qe3e4 Rd5d4
38.Qe4c2 Qb6b7
39.Qc2g6 Qb7c8
40.g5 Qc8e8
41.gxh6 Qe8xg6
42.hxg6 gxh6
43.a3 Rf8f6
44.Kg4 Rf6f5
45.Kg3 h5
46.Ne5c6 Rd4d7
47.Rf2e2 Rf5f6
48.Nc6e5 Rd7b7
49.Re2f2 Rb7b5
50.b4 a5
51.bxa5 Rb5xa5
52.Rf2f3 Ra5a4
53.Ne5d7 Rf6f5
54.Nd7e5 h4
55.Kh3 Ra4xf4
56.Rf3xf4 Rf5xf4
{ resign }
0-1

[Event "Tourn. n10054"]
[Site "www.echecsemail.com"]
[Date "2019.05.09"]
[Round "1"]
[White "Souricette64"]
[Black "Passaroa25"]
[WhiteElo "1799"]
[BlackElo "1810"]
[Result "0-1"]
[Round "1"]
1.e4 Nb8c6
2.Ng1f3 e6
3.d4 Ng8e7
4.c3 Ne7g6
5.Bf1d3 f6
6.O-O Bf8e7
7.g3 O-O
8.h4 h6
9.e5 Ng6h8
10.Qd1e2 d5
11.Bc1f4 Nh8f7
12.Nb1d2 Bc8d7
13.Bd3c2 f5
14.Kh2 Nf7h8
15.Rf1g1 Nh8f7
16.g4 Be7xh4
17.gxf5 exf5
18.e6 Qd8e7
19.exf7 Kxf7
20.Qe2xe7 Bh4xe7
21.Bf4xc7 Be7f6
22.Bc7d6 Rf8g8
23.Ra1e1 Bd7e6
24.Nf3e5 Nc6xe5
25.dxe5 Bf6g5
26.Nd2f3 Bg5f4
27.Kh1 g5
28.Nf3d4 Ra8e8
29.Bc2xf5 Be6xf5
30.Nd4xf5 Re8e6
31.Nf5d4 Bf4xe5
32.Bd6xe5 Re6b6
33.b3 Rg8d8
34.Be5c7 Rd8e8
35.Bc7xb6 axb6
36.Re1xe8 Kxe8
37.Kg2 Kd7
38.Rg1h1 Kd6
39.Rh1xh6 Ke5
40.Kf3 g4
 { time }
0-1

[Event "Tourn. n10108"]
[Site "www.echecsemail.com"]
[Date "2019.05.09"]
[Round "1"]
[White "Sociopath"]
[Black "Conde7"]
[WhiteElo "2750"]
[BlackElo "2790"]
[Result "1/2-1/2"]
[Round "1"]
1.e4 e5
2.Ng1f3 Nb8c6
3.Bf1b5 a6
4.Bb5a4 Ng8f6
5.O-O b5
6.Ba4b3 d6
7.c3 Bf8e7
8.h3 O-O
9.d4 exd4
10.cxd4 d5
11.e5 Nf6e4
12.Nb1c3 Ne4xc3
13.bxc3 Bc8f5
14.Nf3d2 Qd8d7
15.f4 Nc6a5
16.g4 Bf5d3
17.Rf1f3 Na5xb3
18.axb3 Bd3e4
19.Nd2xe4 dxe4
20.Rf3e3 a5
21.Re3xe4 Qd7d5
22.Qd1c2 a4
23.b4 f5
24.Re4e2 g6
25.Qc2a2 c6
26.Re2f2 Be7h4
27.Rf2f3 Rf8f7
28.Qa2g2 Qd5c4
29.Kh1 Kg7
30.Qg2a2 Qc4d5
31.Qa2xd5 cxd5
32.Bc1d2 Rf7c7
33.Kg2 Kf7
34.Ra1g1 Bh4e7
35.Kf1 Ke6
36.Ke2 Rc7a7
37.Kd3 Ra8h8
38.Kc2 Ra7c7
39.Kb2 Rh8f8
40.Rf3f2 { draw }
1/2-1/2

[Event "Match"]
[Site "www.echecsemail.com"]
[Date "2019.05.09"]
[Round "1"]
[White "Liencam2"]
[Black "Fegatux"]
[WhiteElo "2260"]
[BlackElo "2270"]
[Result "0-1"]
[Round "1"]
1.e4 e5
2.Ng1f3 Nb8c6
3.d4 exd4
4.c3 dxc3
5.Bf1c4 cxb2
6.Bc1xb2 d6
7.Qd1b3 Qd8e7
8.O-O Nc6a5
9.Qb3a4 Na5c6
10.Nb1c3 Ng8f6
11.Nc3d5 Qe7d8
12.Nf3g5 Bc8e6
13.Nd5xf6 gxf6
14.Ng5xe6 fxe6
15.Bc4xe6 Bf8g7
16.Be6d5 Qd8d7
17.f4 Nc6e7
18.Qa4b3 Ne7xd5
19.Qb3xb7 Nd5b6
20.Ra1d1 c6
21.Qb7a6 d5
22.exd5 Nb6xd5
23.Rf1e1 Kf7
24.Qa6c4 Rh8e8
25.Re1e4 Re8xe4
{ resign }
0-1

[Event "Match"]
[Site "www.echecsemail.com"]
[Date "2019.05.09"]
[Round "1"]
[White "Silverking"]
[Black "Liencam2"]
[WhiteElo "2169"]
[BlackElo "2310"]
[Result "1-0"]
[Round "1"]
1.c4 e5
2.Nb1c3 d6
3.g3 f5
4.Bf1g2 Ng8f6
5.d3 Bf8e7
6.Bc1g5 O-O
7.Qd1b3 Nb8c6
8.c5 Kh8
9.cxd6 cxd6
10.Ra1c1 Nc6d4
11.Qb3d1 Bc8d7
12.e3 Bd7c6
13.Bg2xc6 Nd4xc6
14.Ng1e2 d5
15.Bg5xf6 Be7xf6
16.d4 exd4
17.exd4 Rf8e8
18.O-O Qd8b6
19.Nc3xd5 Qb6d8
20.Nd5xf6 Qd8xf6
21.d5 Nc6e5
22.Ne2f4 g5
23.Nf4e6 Re8e7
24.f4 gxf4
25.Rf1xf4 Ne5g4
26.Qd1xg4 Qf6xb2
27.Qg4d1 Qb2xa2
28.Qd1d4 Kg8
29.Rf4xf5 { resign }
1-0

[Event "Tourn. n10102"]
[Site "www.echecsemail.com"]
[Date "2019.05.09"]
[Round "1"]
[White "Claudia"]
[Black "Apdash"]
[WhiteElo "2000"]
[BlackElo "2170"]
[Result "0-1"]
[Round "1"]
1.d4 d5
2.c4 e6
3.Nb1c3 Ng8f6
4.cxd5 Nf6xd5
5.e4 Nd5xc3
6.bxc3 c5
7.Ng1f3 Nb8c6
8.Bf1d3 cxd4
9.cxd4 Bf8b4
10.Bc1d2 Qd8a5
11.Bd2xb4 Qa5xb4
12.Qd1d2 Qb4xd2
13.Kxd2 O-O
14.a3 Nc6a5
15.Ra1b1 b6
16.Rh1c1 Bc8b7
17.Rc1c7 Ra8c8
18.Rc7xc8 Rf8xc8
19.Rb1b4 Kf8
20.Nf3e5 Ke7
21.f3 f6
22.Ne5c4 Na5c6
23.Rb4a4 b5
{ resign }
0-1

[Event "Tourn. n10093"]
[Site "www.echecsemail.com"]
[Date "2019.05.09"]
[Round "1"]
[White "Andychesston"]
[Black "Odin"]
[WhiteElo "1980"]
[BlackElo "1930"]
[Result "1-0"]
[Round "1"]
1.e4 e6
2.d4 Ng8f6
3.e5 Nf6d5
4.Ng1f3 c5
5.c3 cxd4
6.cxd4 h6
7.Bf1c4 Bf8b4
8.Bc1d2 Nb8c6
9.O-O a6
10.Nb1c3 b5
11.Bc4xd5 exd5
12.Nc3xd5 Bb4xd2
13.Qd1xd2 O-O
14.Ra1e1 Bc8b7
15.Re1e3 Nc6a5
16.Nd5e7 Kh8
17.Qd2b4 Na5c6
18.Ne7xc6  { time }
1-0

[Event "Tourn. n10093"]
[Site "www.echecsemail.com"]
[Date "2019.05.10"]
[Round "1"]
[White "Andychesston"]
[Black "Souricette64"]
[WhiteElo "1990"]
[BlackElo "1920"]
[Result "1-0"]
[Round "1"]
1.e4 c5
2.Ng1f3 Nb8c6
3.d4 cxd4
4.Nf3xd4 g6
5.b3 Bf8g7
6.Bc1b2 Qd8a5
7.Bb2c3 Qa5e5
8.Nb1d2 Nc6xd4
9.Ra1c1 Nd4f3
10.Qd1xf3 Qe5xc3
11.Bf1c4 Qc3xf3
12.gxf3 Bg7c3
13.Ke2 Bc3xd2
14.Kxd2 d6
15.Rh1g1 Ng8f6
16.Bc4b5 Bc8d7
17.c4 Bd7xb5
18.cxb5 Kd7
19.a4 Ra8c8
20.Rc1c4 Nf6h5
21.Rg1g4 e5
22.h4 Nh5f4
23.a5 h5
24.Rg4g3 Rc8xc4
25.bxc4 Rh8c8
26.Kc3 Nf4e2
27.Kd3 Ne2xg3
28.fxg3  { time }
1-0

[Event "Match"]
[Site "www.echecsemail.com"]
[Date "2019.05.10"]
[Round "1"]
[White "Eeze"]
[Black "Fabos12"]
[WhiteElo "1890"]
[BlackElo "1920"]
[Result "1-0"]
[Round "1"]
1.e4 e5
2.Ng1f3 Nb8c6
3.c3 Bf8c5
4.b4 Bc5b6
5.b5 Nc6a5
6.Nf3xe5 Qd8e7
7.d4 d6
8.Ne5f3 Qe7xe4
9.Qd1e2 Bc8f5
10.Nf3g5 Qe4xe2
11.Bf1xe2 h6
12.Ng5f3 g5
13.O-O O-O-O
14.h3 Ng8f6
15.Nb1d2 Rd8e8
16.Rf1e1 Re8e7
17.Bc1b2 Rh8e8
18.Be2f1 Nf6e4
19.Nd2xe4 Bf5xe4
20.Nf3d2 Be4d5
21.Re1xe7 Re8xe7
22.Bf1d3 c6
{ time. }
1-0

[Event "Match"]
[Site "www.echecsemail.com"]
[Date "2019.05.10"]
[Round "1"]
[White "Liencam2"]
[Black "Comrade"]
[WhiteElo "2330"]
[BlackElo "2300"]
[Result "1/2-1/2"]
[Round "1"]
1.e4 c5
2.Nb1c3 g6
3.Ng1f3 Bf8g7
4.d4 cxd4
5.Nf3xd4 Nb8c6
6.Nd4b3 d6
7.Bf1e2 Ng8f6
8.O-O a6
9.Rf1e1 O-O
10.Bc1g5 b5
11.Be2f1 Bc8e6
12.a4 b4
13.Nc3d5 Be6xd5
14.exd5 Nc6e5
15.a5 h6
16.Bg5f4 e6
17.dxe6 fxe6
18.Bf4xe5 dxe5
19.Re1xe5 Rf8e8
20.Qd1xd8 Ra8xd8
21.Ra1e1 Nf6g4
22.Re5xe6 Re8xe6
23.Re1xe6 Rd8d1
24.f3 Ng4xh2
25.Kxh2 Rd1xf1
26.Re6xg6 Kh7
27.Rg6xa6 Bg7e5
28.Kh3 h5
29.g3 Rf1xf3
30.Kh4 Rf3f2
31.Kxh5 Rf2xc2
32.Ra6b6 Rc2xb2
33.Rb6xb4 Be5xg3
34.Rb4b7 Kg8
35.Kg6 Rb2a2
36.Rb7a7 Kf8
37.Kf6 Ke8
38.Ke6 Kd8
39.Kd5 Bg3f2
40.Ra7h7 Bf2e1
41.Rh7a7 Kc8
42.Kc6 Ra2c2
43.Kb5 Rc2b2
44.Kc4 Rb2c2
45.Kd3 Rc2c3
46.Ke2 Rc3xb3
47.Kxe1 Rb3a3
{ draw }
1/2-1/2

[Event "Tourn. n10093"]
[Site "www.echecsemail.com"]
[Date "2019.05.10"]
[Round "1"]
[White "Bojan"]
[Black "Andychesston"]
[WhiteElo "1930"]
[BlackElo "2000"]
[Result "1-0"]
[Round "1"]
1.e4 e5
2.Ng1f3 Nb8c6
3.d4 exd4
4.Nf3xd4 Bf8c5
5.Nd4xc6 Bc5xf2
6.Kxf2 Qd8f6
7.Qd1f3 Qf6xc6
8.Nb1c3 a6
9.Bf1d3 Ng8f6
10.Rh1f1 d6
11.Rf1e1 Bc8g4
12.Qf3g3 Qc6c5
13.Bc1e3 Qc5h5
14.h3 O-O-O
15.Re1f1 Bg4e6
16.Kg1 Qh5g6
17.Qg3f3 Nf6h5
18.e5 Qg6g3
19.exd6 Rd8xd6
20.Be3c5 Qg3xf3
21.Rf1xf3 Rd6c6
22.Bc5d4 Rh8d8
23.Bd4f2 g6
24.g4 Nh5g7
25.Bf2h4 Rd8d4
26.Bh4f6 Be6xg4
27.Bf6xd4 Bg4xf3
28.Bd4xg7 f6
29.Ra1f1 Bf3h5
30.Rf1xf6 Rc6c5
31.Rf6f8 Kd7
32.Nc3e4 Rc5a5
33.a3 Bh5d1
34.Ne4f6 Kc6
35.Nf6xh7 Ra5h5
36.Rf8f6 Kd5
37.Rf6xg6 Rh5xh3
38.Kg2 Rh3e3
39.Nh7f6 Kc5
40.Kf2 Re3h3
41.Nf6e4 Kd5
42.Rg6g5 Kc6
43.Ke1 Bd1f3
44.Rg5g3 Rh3h1
45.Kd2 Bf3h5
46.Kc3 b5
47.Ne4f6 Bh5f7
48.Bd3e4 { resign }
1-0

[Event "Tourn. n10127"]
[Site "www.echecsemail.com"]
[Date "2019.05.10"]
[Round "1"]
[White "Luban"]
[Black "Bojan"]
[WhiteElo "2180"]
[BlackElo "2070"]
[Result "1-0"]
[Round "1"]
1.d4 d5
2.Ng1f3 Nb8d7
3.e3 a6
4.c4 dxc4
5.Bf1xc4 h6
6.O-O e6
7.Nb1c3 Nd7b6
8.Bc4d3 Ng8f6
9.h3 Bc8d7
10.e4 Bd7c6
11.a3 Nf6h7
12.Qd1c2 g6
13.Bc1e3 Bf8g7
14.Ra1d1 O-O
15.d5 Bc6d7
16.dxe6 fxe6
17.e5 Rf8xf3
18.gxf3 Nh7f8
19.Bd3xg6 Qd8h4
20.Kg2 Bg7xe5
21.Qc2e4 Qh4f6
22.Bg6h5 Nf8h7
23.Bh5g4 Bd7c6
24.Qe4c2 Kh8
25.Be3xb6 Ra8g8
26.Nc3e4 Qf6f4
27.Ne4g3 cxb6
28.Qc2d2 Qf4f6
29.b4 Be5f4
30.Qd2c2 e5
31.Rf1e1 Qf6g5
32.Qc2f5 Qg5e7
33.Ng3h5 Rg8f8
34.Qf5e6 Qe7g5
35.Nh5xf4 Rf8e8
36.Re1xe5 Qg5xe5
37.Qe6xe5 Re8xe5
38.Nf4g6 Kg8
39.Ng6xe5 { resign }
1-0

[Event "Tourn. n10098"]
[Site "www.echecsemail.com"]
[Date "2019.05.10"]
[Round "1"]
[White "Apdash"]
[Black "Andychesston"]
[WhiteElo "2190"]
[BlackElo "1980"]
[Result "1-0"]
[Round "1"]
1.d4 d5
2.Ng1f3 Ng8f6
3.g3 Nb8c6
4.Bf1g2 Bc8f5
5.O-O e6
6.a3 Bf8e7
7.Rf1e1 O-O
8.Nb1d2 Kh8
9.b4 b5
10.Nd2b3 a5
11.Nf3e5 a4
12.Ne5xc6 Qd8d7
13.Nc6xe7 axb3
14.Ne7xf5 exf5
15.cxb3 Rf8e8
16.Bc1f4 Nf6e4
17.Qd1c2 c6
18.Re1c1 Ra8c8
19.a4 g5
20.Bg2xe4 fxe4
21.Bf4xg5 Re8e6
22.axb5 Qd7b7
23.Qc2c5 h6
24.Ra1a7 Qb7b8
25.Bg5f4 Qb8xf4
26.gxf4 Re6g6
27.Kf1 Rc8g8
28.e3 Rg6g1
29.Ke2 Rg1g2
30.Qc5xc6 Rg2xh2
31.Qc6f6 Rg8g7
32.Rc1g1 { resign }
1-0

[Event "Match"]
[Site "www.echecsemail.com"]
[Date "2019.05.10"]
[Round "1"]
[White "Polskajade"]
[Black "Apdash"]
[WhiteElo "1809"]
[BlackElo "2110"]
[Result "0-1"]
[Round "1"]
1.c4 c5
2.Ng1f3 Nb8c6
3.Nb1c3 e6
4.e4 a6
5.Bf1e2 Nc6d4
6.O-O g6
7.e5 Bf8g7
 { time }
0-1

[Event "Tourn. n10102"]
[Site "www.echecsemail.com"]
[Date "2019.05.10"]
[Round "1"]
[White "Souricette64"]
[Black "Bojan"]
[WhiteElo "2000"]
[BlackElo "2090"]
[Result "0-1"]
[Round "1"]
1.e4 e5
2.Ng1f3 d6
3.d4 Bc8g4
4.dxe5 dxe5
5.Qd1xd8 Kxd8
6.Nf3xe5 Bg4e6
7.f3 f6
8.Bf1c4 Be6xc4
9.Ne5xc4 Bf8c5
10.Bc1e3 Nb8d7
11.Be3xc5 Nd7xc5
12.Nb1c3 c6
13.O-O-O Kc7
14.Nc4d6 Ng8e7
15.b3 Nc5e6
16.g3 Rh8f8
17.Kb2 g6
18.Nd6c4 Ra8d8
19.Nc4e3 Ne6g5
20.f4 Ng5h3
21.Rd1xd8 Rf8xd8
22.Rh1d1 Rd8e8
23.Rd1d2 Nh3g1
24.Ne3d1 Ng1f3
25.Rd2f2 Nf3d4
26.Nc3e2 Nd4xe2
27.Rf2xe2 Re8d8
28.Kc1 c5
29.Nd1b2 b5
30.a4 a6
 { time }
0-1

[Event "Tourn. n10118"]
[Site "www.echecsemail.com"]
[Date "2019.05.10"]
[Round "1"]
[White "Pipas"]
[Black "Osopanda"]
[WhiteElo "1540"]
[BlackElo "1510"]
[Result "1-0"]
[Round "1"]
1.e4 c5
2.d4 cxd4
3.Qd1xd4 d6
4.Ng1f3 Nb8c6
5.Qd4c4 e6
6.Qc4c3 Ng8f6
7.Bf1d3 Bf8e7
{ time. }
1-0

[Event "1/128 Finale"]
[Site "www.chess-mail.com"]
[Date "2019.05.10"]
[Round "1"]
[White "Fabos12"]
[Black "Odin"]
[WhiteElo "1900"]
[BlackElo "1930"]
[Result "1-0"]
[Round "1"]
1.d4 d5
2.Ng1f3 Nb8c6
3.Bc1f4 Bc8f5
4.a3 Ng8f6
5.h3 e6
6.c3 Bf8d6
7.Nf3e5 Nc6xe5
8.dxe5 Nf6h5
9.Bf4h2 Bd6c5
10.g4 Bf5xb1
11.Ra1xb1 Qd8g5
12.gxh5 Qg5xh5
13.b4 Bc5b6
14.Rh1g1 Qh5h4
{ time. }
1-0

[Event "Fast Game"]
[Site "www.echecsemail.com"]
[Date "2019.05.10"]
[Round "1"]
[White "Hennie4820"]
[Black "Double2dutch"]
[WhiteElo "1630"]
[BlackElo "1599"]
[Result "0-1"]
[Round "1"]
1.e4 c5
2.Ng1f3 e6
3.d4 cxd4
4.Nf3xd4 Nb8c6
5.c4 Qd8c7
6.Nb1c3 a6
7.Bf1e2 Ng8f6
8.O-O d6
9.Bc1g5 Bf8e7
10.Ra1c1 O-O
11.Bg5h4 Bc8d7
12.f4 Nf6xe4
13.Bh4xe7 Ne4xc3
14.Rc1xc3 Nc6xe7
15.Be2f3 Ra8c8
16.Qd1c2 Rf8d8
17.Rf1c1 Qc7c5
18.Qc2f2 Ne7c6
19.Nd4xc6 Bd7xc6
20.Bf3xc6 Rc8xc6
21.b3 Kf8
22.Kf1 Qc5xf2
23.Kxf2 Rd8c8
24.b4 b6
25.Ke3 Ke7
26.Kd4 f6
27.g4 e5
28.fxe5 fxe5
29.Kd5 Rc6c7
30.c5 bxc5
31.bxc5 Rc7xc5
32.Rc3xc5 dxc5
33.Rc1xc5 Rc8xc5
34.Kxc5 Kf6
35.h4 h5
36.gxh5 Kf5
37.Kd5 e4
38.Kd4 Kf4
39.Kc3 Kf3
40.Kd2 Kf2
{ resign }
0-1

[Event "Match"]
[Site "www.echecsemail.com"]
[Date "2019.05.11"]
[Round "1"]
[White "Dussek"]
[Black "Polskajade"]
[WhiteElo "1940"]
[BlackElo "1809"]
[Result "1-0"]
[Round "1"]
1.e4 c5
2.Ng1f3 Nb8c6
3.d4 cxd4
4.Nf3xd4 Ng8f6
5.Nb1c3 e5
6.Nd4b5 d6
7.Bc1g5 a6
8.Nb5a3 b5
9.Nc3d5  { time }
1-0

[Event "Tourn. n10060"]
[Site "www.echecsemail.com"]
[Date "2019.05.11"]
[Round "1"]
[White "Libiesse"]
[Black "Cal"]
[WhiteElo "1820"]
[BlackElo "1900"]
[Result "1-0"]
[Round "1"]
1.Ng1f3 d5
2.d4 h6
3.c4 Ng8f6
4.Nb1c3 dxc4
5.e3 e6
6.Bf1xc4 a6
7.O-O Bf8b4
8.a3 Bb4xc3
9.bxc3 O-O
10.Bc4b3 Nb8c6
11.Qd1e2 b5
12.Rf1d1 Bc8b7
13.c4 b4
14.Bc1b2 Nf6e4
15.axb4 Qd8f6
16.Bb3c2 Ne4g5
17.d5 Qf6xb2
18.Bc2h7 Kxh7
19.Qe2xb2 f6
20.Nf3xg5 hxg5
21.dxc6 Bb7xc6
22.Qb2c2 f5
23.Ra1a5 Bc6e4
24.Qc2d2 Rf8f7
25.f3 Be4b7
26.Qd2d3 g6
27.b5 Bb7c8
28.Qd3d8 Bc8b7
29.Qd8xg5 Kg7
30.Rd1a1 e5
31.bxa6 Bb7c8
32.a7 Bc8b7
33.Ra1b1 c6
34.h4 f4
35.Qg5xe5 Kh6
36.Qe5g5 Kg7
37.Qg5e5 Kh7
38.e4 Kh6
39.Kf2 Kh7
40.Rb1h1 Ra8f8
41.h5 Rf7f6
42.hxg6 Kxg6
43.Qe5h5 Kg7
44.Qh5h7 { resign }
1-0

[Event "Match"]
[Site "www.echecsemail.com"]
[Date "2019.05.11"]
[Round "1"]
[White "Bjonil60"]
[Black "Bgm9"]
[WhiteElo "1460"]
[BlackElo "1499"]
[Result "0-1"]
[Round "1"]
1.d4 Ng8f6
2.e3 e6
3.Qd1e2 d5
4.Nb1c3 Bf8b4
5.Bc1d2 O-O
6.a3 Bb4e7
7.O-O-O c5
8.Qe2d3 c4
9.Qd3e2 a6
10.f3 b5
11.f4 Nb8c6
12.g3 b4
13.axb4 Nc6xb4
14.Bf1g2 Ra8b8
15.h3 Qd8a5
16.h4 Qa5a1
17.Nc3b1 Nb4a2

0-1

[Event "Match"]
[Site "www.echecsemail.com"]
[Date "2019.05.11"]
[Round "1"]
[White "Sonny1000"]
[Black "Cal"]
[WhiteElo "1570"]
[BlackElo "1750"]
[Result "0-1"]
[Round "1"]
1.e4 e5
2.c3 a6
3.a3 d6
4.c4 c5
5.g4 h6
6.Ng1f3 Nb8c6
7.Bf1d3 Ng8f6
8.h3 Bf8e7
9.Qd1a4 Bc8d7
10.Nf3h4 O-O
11.Nb1c3 Nc6d4
12.Qa4d1 b6
13.Nh4f5 Bd7xf5
14.gxf5 Qd8d7
15.Rh1g1 Nf6h5
16.Qd1xh5 Be7f6
17.Nc3d5 Kh7
18.Kd1 Rf8h8
19.Ke1 Nd4b3
20.Ra1b1 Nb3d4
21.Nd5xb6 Qd7e7
22.Nb6d5 Qe7d8
23.Qh5xf7 Nd4f3
24.Kf1 Rh8f8
25.Nd5xf6 Qd8xf6
26.Rg1xg7 Qf6xg7
27.Qf7xg7 Kxg7
28.Ke2 Nf3d4
29.Kf1 Rf8f6
30.f3 Nd4xf3
31.Kf2 Nf3d4
32.b4 cxb4
33.Rb1xb4 h5
34.Rb4b7 Kh6
35.Rb7b6 a5
36.a4 h4
37.Bc1a3 Ra8d8
38.Rb6a6 Nd4b3
39.Bd3c2 Nb3xd2
40.Ra6xa5 Nd2xc4
41.Ra5d5 Nc4xa3
42.Bc2b3 Na3b1
43.Bb3d1 Nb1c3
44.Rd5d3 Nc3xe4
45.Ke2 Rf6xf5
46.Bd1c2 Rf5f2
47.Kd1 Rd8g8
48.Ke1 Rg8g1
{ resign }
0-1

[Event "Tourn. n10125"]
[Site "www.echecsemail.com"]
[Date "2019.05.11"]
[Round "1"]
[White "Mitja"]
[Black "Apdash"]
[WhiteElo "2050"]
[BlackElo "2100"]
[Result "0-1"]
[Round "1"]
1.d4 d5
2.e3 Ng8f6
3.c3 e6
4.h3 c5
5.dxc5 Bf8xc5
6.b3 O-O
7.Bf1e2 Nb8c6
8.Bc1b2 e5
9.Ng1f3 Bc8f5
10.Nb1a3 a6
11.Na3c2 Qd8c7
12.O-O Ra8d8
13.Qd1c1 b5
14.b4 Bc5a7
15.a3 Ba7b8
16.Rf1d1 e4
17.Nf3d4 Qc7h2
{ resign }
0-1

[Event "Tourn. n10133"]
[Site "www.echecsemail.com"]
[Date "2019.05.11"]
[Round "1"]
[White "Luban"]
[Black "Leonger"]
[WhiteElo "2200"]
[BlackElo "2140"]
[Result "0-1"]
[Round "1"]
1.d4 Ng8f6
2.c4 e6
3.e3 d5
4.a3 c5
5.Ng1f3 Nb8c6
6.Nb1c3 a6
7.h3 dxc4
8.Bf1xc4 b5
9.Bc4e2 Bc8b7
10.O-O cxd4
11.Nf3xd4 Nc6xd4
12.Qd1xd4 Qd8xd4
13.exd4 Bf8d6
14.Bc1e3 Ke7
15.Ra1d1 Ra8c8
16.Be3g5 h6
17.Bg5xf6 gxf6
18.f3 Rh8d8
19.Kf2 Bd6xa3
20.Nc3xb5 Ba3xb2
21.Rd1b1 Rc8c2
{ resign }
0-1

[Event "Tourn. n10125"]
[Site "www.echecsemail.com"]
[Date "2019.05.11"]
[Round "1"]
[White "Apdash"]
[Black "Luban"]
[WhiteElo "2100"]
[BlackElo "2140"]
[Result "0-1"]
[Round "1"]
1.e4 c6
2.d4 d5
3.e5 Bc8f5
4.Bf1d3 Bf5xd3
5.Qd1xd3 a6
6.Ng1f3 h6
7.c4 e6
8.O-O Ng8e7
9.Nb1c3 dxc4
10.Qd3e4 Ne7d5
11.a4 Nd5xc3
12.bxc3 Qd8d5
13.Qe4g4 Nb8d7
14.Nf3h4 O-O-O
15.f4 c5
16.Rf1d1 cxd4
17.cxd4 Bf8e7
18.Nh4f3 Nd7b8
19.f5 exf5
20.Qg4xf5 Qd5e6
21.Qf5c2 Nb8c6
22.Bc1e3 Nc6b4
23.Qc2c3 Qe6c6
24.Be3f2 Nb4d5
25.Qc3a5 Be7b4
26.Qa5xd8 Kxd8
27.Nf3h4 g6
28.Rd1b1 a5
{ resign }
0-1

[Event "Tourn. n10081"]
[Site "www.echecsemail.com"]
[Date "2019.05.11"]
[Round "1"]
[White "Cal"]
[Black "Ditto"]
[WhiteElo "1820"]
[BlackElo "1760"]
[Result "0-1"]
[Round "1"]
1.c4 e5
2.e4 Bf8c5
3.Ng1f3 d6
4.a3 a6
5.d3 Nb8c6
6.Nb1c3 Qd8f6
7.Bf1e2 Ng8e7
8.h3 Nc6d4
9.Bc1g5 Qf6g6
10.Bg5xe7 Kxe7
11.Nc3d5 Kd8
12.Nf3h4 Qg6g5
13.Nh4f5 Qg5xg2
14.Kd2 Qg2g5
15.Nf5e3 Bc8e6
16.Rh1g1 Qg5h6
17.Kc3 Qh6h4
18.b4 Bc5a7
19.Rg1xg7 Qh4h6
20.Qd1g1 Nd4xe2
21.Kb3 Ne2xg1
22.Ra1xg1 Kd7
23.Rg1g3 Ba7xe3
24.Nd5xe3 Be6xh3
25.Rg7xf7 Kc6
26.a4 b6
27.Ne3d5 Ra8c8
28.Nd5e3 Qh6h5
29.Kc3 Qh5xf7
30.Rg3xh3 Qf7xf2
31.Ne3f5 Qf2e1
32.Kb3 Kb7
33.Nf5e7 Rc8f8
34.Ne7f5 Qe1d1
35.Ka3 Rf8f6
36.Nf5e7 Rf6f3
37.Rh3xf3 Qd1xf3
38.a5 Qf3xd3
39.Kb2 Rh8f8
40.Ne7d5 Rf8f2
41.Kc1 Qd3f1
{ resign }
0-1

[Event "Match"]
[Site "www.echecsemail.com"]
[Date "2019.05.11"]
[Round "1"]
[White "Micheles"]
[Black "Polskajade"]
[WhiteElo "2550"]
[BlackElo "1809"]
[Result "1-0"]
[Round "1"]
1.d4 d5
2.Ng1f3 Ng8f6
3.Bc1g5 e6
4.Nb1d2 Bf8e7
5.e3 Nb8d7
6.Bf1d3 c5
7.c3 h6
8.Bg5h4 b6
9.O-O  { time }
1-0

[Event "Tourn. n10122"]
[Site "www.echecsemail.com"]
[Date "2019.05.11"]
[Round "1"]
[White "Eugenius"]
[Black "Bojan"]
[WhiteElo "2000"]
[BlackElo "2040"]
[Result "1-0"]
[Round "1"]
1.d4 c6
2.e4 d5
3.Nb1c3 dxe4
4.Nc3xe4 h6
5.Ng1f3 Bc8f5
6.Ne4g3 Bf5h7
7.Bf1d3 Nb8d7
8.Bd3xh7 Rh8xh7
9.Qd1d3 g6
10.h4 Rh7g7
11.Bc1d2 e6
12.O-O-O Qd8b6
13.Kb1 O-O-O
14.c4 c5
15.Bd2c3 f6
16.d5 Nd7b8
17.Rh1e1 e5
18.h5 gxh5
19.Ng3xh5 Rg7xg2
20.Nf3xe5 fxe5
21.Qd3h3 Nb8d7
22.Qh3xg2 Bf8d6
23.Nh5g7 Ng8f6
24.Qg2h3 Rd8g8
25.f4 Bd6f8
26.fxe5 Bf8xg7
27.exf6 Bg7xf6
28.Re1e6 Qb6d8
29.Bc3xf6 Kb8
30.Bf6xd8 { resign }
1-0

[Event "Tourn. n10122"]
[Site "www.echecsemail.com"]
[Date "2019.05.11"]
[Round "1"]
[White "Fantomas"]
[Black "Eugenius"]
[WhiteElo "2260"]
[BlackElo "2000"]
[Result "0-1"]
[Round "1"]
1.e4 e5
2.Ng1f3 Nb8c6
3.Bf1b5 a6
4.Bb5a4 Ng8f6
5.d3 d6
6.c3 g6
7.Bc1g5 Bf8g7
8.d4 Bc8d7
9.O-O O-O
10.d5 Nc6e7
11.Rf1e1 b5
12.Ba4c2 h6
13.Bg5d2 c6
14.dxc6 Ne7xc6
15.Qd1c1 Kh7
16.h3 Bd7e6
17.a4 d5
18.exd5 Nf6xd5
19.axb5 axb5
20.Ra1xa8 Qd8xa8
21.b4 f5
22.Bc2d1 e4
23.Nf3h2 Rf8c8
24.Nb1a3 Nc6xb4
25.Na3xb5 Nb4d3
26.Qc1c2 Nd3xe1
27.Bd2xe1 Qa8b8
28.Bd1e2 Nd5f4
29.Be2f1 Nf4d3
30.Qc2b1 Be6c4
31.Nb5a3 Qb8xb1
32.Na3xb1 Nd3xe1
33.Bf1xc4 Rc8xc4
34.Kf1 Ne1d3
35.g4 Bg7xc3
36.h4 Bc3e5
37.Nb1d2 Rc4c1
{ resign }
0-1

[Event "Tourn. n10127"]
[Site "www.echecsemail.com"]
[Date "2019.05.11"]
[Round "1"]
[White "Fantomas"]
[Black "Luban"]
[WhiteElo "2200"]
[BlackElo "2180"]
[Result "1-0"]
[Round "1"]
1.e4 c6
2.Nb1c3 d5
3.d4 dxe4
4.Nc3xe4 Bc8f5
5.Ne4g3 Bf5g6
6.Ng1f3 Nb8d7
7.Nf3h4 e6
8.Nh4xg6 hxg6
9.Bc1e3 Ng8f6
10.h3 Bf8d6
11.Ng3e2 c5
12.c3 cxd4
13.Ne2xd4 Nf6d5
14.Be3d2 a6
15.Nd4f3 Nd7f6
16.Bd2g5 Bd6e7
17.Bf1d3 Nf6h5
18.Bg5xe7 Qd8xe7
19.g3 O-O
20.O-O Qe7c7
21.Rf1e1 Ra8d8
22.Qd1c2 b5
23.Nf3g5 Nh5xg3
24.Bd3xg6 Nd5f4
25.Bg6xf7 Rf8xf7
26.Qc2h7 Kf8
27.Ng5xe6 { resign }
1-0

[Event "Tourn. n10069"]
[Site "www.echecsemail.com"]
[Date "2019.05.12"]
[Round "1"]
[White "Jjmcbride"]
[Black "Libiesse"]
[WhiteElo "1600"]
[BlackElo "1810"]
[Result "0-1"]
[Round "1"]
1.e4 c5
2.c3 e6
3.e5 Qd8c7
4.Ng1f3 Nb8c6
5.Qd1e2 a6
6.d3 b5
7.g3 Bc8b7
8.Bc1g5 h6
9.Bg5d2 Ra8d8
10.a4 d5
11.d4 cxd4
12.cxd4 b4
13.Qe2d3 Nc6a5
14.b3 Rd8c8
15.Bf1e2 Qc7b6
16.O-O Ng8e7
17.Nf3h4 g5
18.Nh4g2 Ne7f5
19.Bd2e3 Na5c6
20.Nb1d2 Bf8g7
21.f4 Nc6xd4
22.Be3xd4 Nf5xd4
23.Kh1 Rc8c3
24.Qd3b1 Nd4xe2
25.Qb1e1 Ne2d4
26.Qe1d1 Nd4xb3
27.Nd2xb3 a5
 { time }
0-1

[Event "Tourn. n10071"]
[Site "www.echecsemail.com"]
[Date "2019.05.12"]
[Round "1"]
[White "Jesmantiz"]
[Black "Amaya"]
[WhiteElo "2040"]
[BlackElo "2090"]
[Result "1/2-1/2"]
[Round "1"]
1.d4 Ng8f6
2.e3 g6
3.Bf1d3 Bf8g7
4.f4 d6
5.Ng1f3 O-O
6.O-O Nb8d7
7.e4 e5
8.c3 exf4
9.Bc1xf4 Nf6h5
10.Bf4d2 a6
11.b4 Nd7b6
12.Qd1b3 Bc8e6
13.d5 Be6d7
14.a4 Bd7g4
15.Nf3d4 Bg7e5
16.Nd4f3 Bg4xf3
17.Rf1xf3 Qd8h4
18.h3 Nh5f4
19.Bd2xf4 Be5xf4
20.Nb1a3 Nb6d7
21.Ra1f1 g5
22.Na3c4 Ra8e8
23.Qb3d1 b5
24.axb5 axb5
25.Nc4e3 Nd7e5
26.Rf3xf4 gxf4
27.Ne3f5 Qh4f6
28.Bd3xb5 Re8b8
29.c4 Ne5g6
30.Qd1g4 Kh8
31.Qg4h5 Rf8g8
32.Kh1 Ng6e7
33.Nf5xe7 Qf6xe7
34.Rf1xf4 Rg8g5
35.Qh5xf7 Qe7xf7
36.Rf4xf7 Rb8g8
37.g4 h5
38.Bb5d7 hxg4
39.hxg4 Rg5g7
40.Rf7xg7 Kxg7
41.Kg2 Kf6
42.Bd7f5 Ke5
43.c5 Rg8b8
44.cxd6 cxd6
45.Kg3 Rb8xb4
46.g5 Rb4b7
47.g6 Kf6
48.Kf4 Rb7e7
49.Kg4 Re7g7
50.Kh5 Rg7g8
51.Kh6 Rg8g7
52.Kh5 Rg7e7
53.Kh6 Re7g7
54.Kh5 Rg7g8
55.Kg4 Rg8g7
56.Kh5 Rg7g8

1/2-1/2

[Event "Tourn. n10123"]
[Site "www.echecsemail.com"]
[Date "2019.05.12"]
[Round "1"]
[White "Polskajade"]
[Black "Iko"]
[WhiteElo "1809"]
[BlackElo "1820"]
[Result "0-1"]
[Round "1"]
1.c4 e5
2.Nb1c3 Bf8b4
3.Nc3d5 c5
4.a3 Bb4a5
5.b4 Ba5b6
6.Ng1f3 d6
7.bxc5 Bb6xc5
 { time }
0-1